MARC

LEADER 00000nam0a2200000 4500
001 244596
005 20231101232049.0
010 |a 5319004680 
020 |a RU  |b 90-43448 
035 |a (RuTPU)RU\TPU\book\265984 
090 |a 244596 
100 |a 20131024d1990 m a0rusy5003 ca 
101 0 |a rus 
102 |a UA 
105 |a y z 001zy 
200 1 |a Мера всех вещей  |e размышления политэкономов  |f С. А. Васин, В. Г. Лиходей 
210 |a Киев  |c Политиздат Украины  |d 1990 
215 |a 239 с.  |d 17 см 
320 |a Библиогр. в примеч.: с. 236-238. 
606 1 |a Принцип материальной заинтересованности при социализме  |2 stltpush  |3 (RuTPU)RU\TPU\subj\51685  |9 70257 
606 1 |a Человеческий фактор  |x Экономика  |y СССР  |2 stltpush  |3 (RuTPU)RU\TPU\subj\37284  |9 58368 
610 1 |a культурный уровень 
610 1 |a материальные стимулы 
610 1 |a народ 
610 1 |a моральные стимулы 
610 1 |a труд 
686 |a У011.754.2  |2 rubbk 
686 |a У9(2)0-08  |2 rubbk 
700 1 |a Васин  |b С. А.  |g Сергей Анатольевич  |4 070 
701 1 |a Лиходей  |b В. Г.  |g Валентин Григорьевич  |4 070 
801 0 |a RU  |b RuMRKP  |c 19950417  |g psbo 
801 1 |a RU  |b 63413507  |c 20131024 
801 2 |a RU  |b 63413507  |c 20131112  |g RCR 
942 |c BK